| 000 | 00354nmm a2200145 a 4500 | ||
|---|---|---|---|
| 003 | AR-BaBNM | ||
| 005 | 20251128203117.0 | ||
| 008 | 013119s1907 ||||||||||||||000 | spa|| | ||
| 040 | _cAR-BaBNM | ||
| 100 | 1 | _aBailliere, Paul | |
| 245 | 1 | 0 | _aPoètes allemands et poètes anglais |
| 260 |
_a[S.l.] _bA. Lemerre _c1907 |
||
| 942 | _cBK | ||
| 998 | _cArchipretre | ||
| 999 |
_c1941 _d1941 |
||